| 000 -LEADER |
| fixed length control field |
00724cam a2200229 a 4500 |
| 020 ## - INTERNATIONAL STANDARD BOOK NUMBER |
| ISBN |
9780415398442 (hbk : alk. paper) |
|
| ISBN |
0415398444 (hbk : alk. paper) |
|
| ISBN |
9780415398459 (pbk : alk. paper) |
|
| ISBN |
0415398452 (pbk : alk. paper) |
|
| ISBN |
9780203887769 (ebk) |
|
| ISBN |
020388776X (ebk) |
| 050 00 - LIBRARY OF CONGRESS CALL NUMBER |
| Classification number |
HD38.5 |
| 100 1# - MAIN ENTRY--AUTHOR NAME |
| Personal name |
Branch, Alan E. |
| 245 10 - TITLE STATEMENT |
| Title |
Global supply chain management and international logistics / |
| 260 ## - PUBLICATION, DISTRIBUTION, ETC. (IMPRINT) |
| Place of publication |
New York : |
| Name of publisher |
Routledge, |
| Year of publication |
2009. |
| 300 ## - PHYSICAL DESCRIPTION |
| Number of Pages |
xii, 172 p. : |
| Other physical details |
ill. ; |
| 650 #0 - SUBJECT ADDED ENTRY--TOPICAL TERM |
| Topical Term |
Business logistics. |
|
| Topical Term |
International trade. |
|
| Topical Term |
Business logistics |
| 856 41 - ELECTRONIC LOCATION AND ACCESS |
| Uniform Resource Identifier |
http://www.loc.gov/catdir/toc/ecip0819/2008021843.html |
| 942 ## - ADDED ENTRY ELEMENTS (KOHA) |
| Koha item type |
Books |